000 00367nam a2200145Ia 4500
008 221030s9999 xx 000 0 und d
020 _a9788127247959
041 _aEnglish
100 _aS. K. Gupta
245 0 _aManagement Accounting
_cby S. K. Gupta, R. K. Sharma
260 _bKalyani Pub
_c0
650 _aBB Management
700 _aR. K. Sharma
942 _cBK
999 _c19095
_d19095